[Event "EU-ch U16 19th"]
[Site "Fermo"]
[Date "2009.09.01"]
[Round "2"]
[White "Fiducioso, Marco"]
[Black "Orava, Aleksander"]
[Result "1-0"]
[WhiteElo "2122"]
[BlackElo "1762"]
[PlyCount "85"]
[EventDate "2009.08.31"]
[EventType "swiss"]
[EventRounds "9"]
[EventCountry "ITA"]
[SourceTitle "CBM 132 Extra"]
[Source "ChessBase"]
[SourceDate "2009.11.03"]
[SourceVersion "1"]
[SourceVersionDate "2009.11.03"]
[SourceQuality "1"]

1. e4 c5 2. Nf3 e6 3. d4 cxd4 4. Nxd4 Nf6 5. Bd3 Nc6 6. Nxc6 bxc6 7. 0-0 d5 8. Nd2 Be7 9. b3 0-0 10. Bb2 a5 11. Qe2 Bb7 12. Kh1 Qb6 13. f4 Ba6 14. f5 Bxd3 15. cxd3 exf5 16. Rxf5 Rae8 17. Raf1 dxe4 18. dxe4 c5 19. Qf3 Qe6 20. Qg3 Kh8 21. h3 Rg8 22. Qf4 Rgf8 23. Qg5 Rg8 24. Re5 Qd7 25. Rxe7 Qxe7 26. Rxf6 Rd8 27. Nc4 Rd1+ 28. Kh2 Rf1 29. Rf5 f6 30. Qg4 Rxf5 31. Qxf5 a4 32. e5 fxe5 33. Nxe5 Rf8 34. Qe4 Qa7 35. Nc6 Qa8 36. Qe7 Rg8 37. Ne5 h6 38. Nf7+ Kh7 39. Qxc5 Qb8+ 40. Be5 Qc8 41. Qd5 axb3 42. axb3 Qf5 43. Nd6 1-0

[Event "ITA-ch U20"]
[Site "Castione"]
[Date "2009.08.25"]
[Round "5"]
[White "Sorbera, Giovanni"]
[Black "Fiducioso, Marco"]
[Result "0-1"]
[WhiteElo "1864"]
[BlackElo "2124"]
[PlyCount "86"]
[EventDate "2009.08.21"]
[EventType "swiss"]
[EventRounds "9"]
[EventCountry "ITA"]
[SourceTitle "EXT 2011"]
[Source "ChessBase"]
[SourceDate "2010.11.26"]
[SourceVersion "1"]
[SourceVersionDate "2010.11.26"]
[SourceQuality "1"]

1. e4 e6 2. d4 d5 3. Nc3 Nf6 4. e5 Nfd7 5. Qh5 c5 6. Nf3 g6 7. Qg4 cxd4 8. Bg5 Qb6 9. Nb5 a6 10. Nbxd4 Qxb2 11. Rd1 Bb4+ 12. Ke2 Nc6 13. Bc1 Qxa2 14. Nxc6 Qxc2+ 15. Nd2 Bc5 16. Nd4 Qa2 17. N4b3 Bb6 18. Qb4 Bd8 19. Qc3 0-0 20. Bb2 Qa4 21. Ra1 Qg4+ 22. f3 Qh5 23. h4 f6 24. g4 Qxe5+ 25. Qxe5 Nxe5 26. g5 Nc6 27. f4 fxg5 28. fxg5 e5 29. Bg2 e4 30. Bd4 Bg4+ 31. Ke1 Nb4 32. Nxe4 dxe4 33. Kd2 Bf3 34. Bf1 Nd3 35. Rh3 Bc7 36. Bxd3 exd3 37. Bc5 Rf7 38. Nd4 Be4 39. Nb3 Rc8 40. Be3 Be5 41. Nd4 Bxd4 42. Bxd4 Rc2+ 43. Ke3 Re2# 0-1

[Event "ITA-ch U16"]
[Site "Courmayeur"]
[Date "2009.07.03"]
[Round "6"]
[White "Fiducioso, Marco"]
[Black "Stella, Andrea"]
[Result "0-1"]
[WhiteElo "2124"]
[BlackElo "2276"]
[PlyCount "80"]
[EventDate "2009.06.29"]
[EventType "swiss"]
[EventRounds "9"]
[EventCountry "ITA"]
[SourceTitle "EXT 2012"]
[Source "ChessBase"]
[SourceDate "2011.11.24"]
[SourceVersion "1"]
[SourceVersionDate "2011.11.24"]
[SourceQuality "1"]

1. e4 c5 2. Nf3 d6 3. d4 cxd4 4. Nxd4 Nf6 5. Nc3 a6 6. f3 e6 7. Be3 b5 8. g4 Bb7 9. g5 Nfd7 10. Qd2 Nb6 11. a4 Nc4 12. Bxc4 bxc4 13. h4 Nd7 14. h5 Qa5 15. Kf2 Nc5 16. Qe2 Rc8 17. Bd2 Qd8 18. a5 g6 19. hxg6 fxg6 20. Na4 Bg7 21. c3 Qxa5 22. Nxc5 Qxc5 23. Be3 Qe5 24. Rh4 0-0 25. Kg2 d5 26. Rah1 Qd6 27. Rxh7 e5 28. Qe1 dxe4 29. Qh4 exf3+ 30. Kf2 Rc7 31. Ne6 Qxe6 32. Bc5 Qd7 33. Rh8+ Kf7 34. Rxf8+ Bxf8 35. Qxc4+ Qd5 36. Qxd5+ Bxd5 37. Rh7+ Bg7 38. Bd6 Rb7 39. b4 e4 40. Rh4 Ke6 0-1

[Event "ITA-ch U16"]
[Site "Courmayeur"]
[Date "2009.07.02"]
[Round "5"]
[White "Blengino, Luca"]
[Black "Fiducioso, Marco"]
[Result "0-1"]
[WhiteElo "1894"]
[BlackElo "2124"]
[PlyCount "50"]
[EventDate "2009.06.29"]
[EventType "swiss"]
[EventRounds "9"]
[EventCountry "ITA"]
[SourceTitle "EXT 2012"]
[Source "ChessBase"]
[SourceDate "2011.11.24"]
[SourceVersion "1"]
[SourceVersionDate "2011.11.24"]
[SourceQuality "1"]

1. d4 e6 2. c4 b6 3. Nc3 Bb7 4. e4 Bb4 5. Bd3 f5 6. Qe2 Nf6 7. d5 fxe4 8. Bxe4 Nxe4 9. Qxe4 0-0 10. Nge2 Bxc3+ 11. bxc3 exd5 12. cxd5 Qe8 13. Qd4 c5 14. dxc6 Nxc6 15. Qc4+ d5 16. Qa4 Qh5 17. Be3 Rae8 18. Nf4 Rxf4 19. Qxf4 Ba6 20. g4 Qg6 21. Qf5 Qd6 22. a3 Qc5 23. Kd2 Qb5 24. Rhe1 Ne5 25. Bd4 Nc4+ 0-1

[Event "ITA-ch U16"]
[Site "Courmayeur"]
[Date "2009.06.30"]
[Round "2"]
[White "Fiducioso, Marco"]
[Black "Di Misa, Salvatore"]
[Result "1-0"]
[WhiteElo "2124"]
[BlackElo "1843"]
[PlyCount "71"]
[EventDate "2009.06.29"]
[EventType "swiss"]
[EventRounds "9"]
[EventCountry "ITA"]
[SourceTitle "EXT 2012"]
[Source "ChessBase"]
[SourceDate "2011.11.24"]
[SourceVersion "1"]
[SourceVersionDate "2011.11.24"]
[SourceQuality "1"]

1. e4 c5 2. Nf3 Nc6 3. d4 cxd4 4. Nxd4 Nf6 5. Nc3 e5 6. Ndb5 d6 7. Bg5 a6 8. Na3 b5 9. Bxf6 gxf6 10. Nd5 f5 11. c3 Bg7 12. exf5 Bxf5 13. Nc2 0-0 14. Nce3 Be6 15. Bd3 f5 16. 0-0 Ra7 17. a4 Ne7 18. Nxe7+ Rxe7 19. axb5 axb5 20. Bxb5 d5 21. Ra7 f4 22. Nc2 f3 23. g3 Bc8 24. Ra8 Rc7 25. Qd2 Qd6 26. Rd1 Rc5 27. Ba4 Bh6 28. Qd3 Qe6 29. Bb3 Qh3 30. Bxd5+ Rxd5 31. Qxd5+ Kh8 32. Ne1 Bf4 33. Qd6 Bh6 34. Qe7 Qf5 35. Rd8 Kg8 36. Raxc8 1-0

[Event "ITA-ch U16"]
[Site "Merano"]
[Date "2008.07.10"]
[Round "7"]
[White "Valsecchi, Alessio"]
[Black "Fiducioso, Marco"]
[Result "1-0"]
[WhiteElo "2298"]
[BlackElo "2103"]
[PlyCount "43"]
[EventDate "2008.07.06"]
[EventType "swiss"]
[EventRounds "9"]
[EventCountry "ITA"]
[SourceTitle "EXT 2011"]
[Source "ChessBase"]
[SourceDate "2010.11.26"]
[SourceVersion "1"]
[SourceVersionDate "2010.11.26"]
[SourceQuality "1"]

1. e4 e6 2. d4 d5 3. Nc3 Nf6 4. Bg5 dxe4 5. Nxe4 Be7 6. Bxf6 Bxf6 7. Nf3 Nd7 8. Bd3 0-0 9. Qe2 c5 10. 0-0-0 Be7 11. h4 Qc7 12. Kb1 b6 13. Neg5 Nf6 14. Nxh7 Nxh7 15. Bxh7+ Kxh7 16. Ng5+ Kh6 17. Qe3 f5 18. g4 Bxg5 19. hxg5+ Kg6 20. Qf3 Kf7 21. gxf5 exf5 22. Qxa8 1-0

[Event "Nicolo La Rosa op 15th"]
[Site "Mazara del Vallo"]
[Date "2007.08.10"]
[Round "2"]
[White "Fiducioso, Marco"]
[Black "Alcide, Fabio"]
[Result "1-0"]
[WhiteElo "2019"]
[BlackElo "1595"]
[PlyCount "51"]
[EventDate "2007.08.10"]
[EventType "swiss"]
[EventRounds "6"]
[EventCountry "ITA"]
[SourceTitle "EXT 2011"]
[Source "ChessBase"]
[SourceDate "2010.11.26"]
[SourceVersion "1"]
[SourceVersionDate "2010.11.26"]
[SourceQuality "1"]

1. e4 e5 2. Nf3 Nf6 3. Nxe5 d6 4. Nf3 Nxe4 5. d4 d5 6. Bd3 Bf5 7. 0-0 Bd6 8. Re1 0-0 9. c4 c6 10. Qb3 Qb6 11. Qxb6 axb6 12. cxd5 cxd5 13. Nh4 Be6 14. Bxe4 dxe4 15. Rxe4 Ra4 16. Nc3 Rc4 17. Nf3 Nd7 18. Nd2 Rc7 19. Re1 Bb4 20. Nde4 Bf5 21. Bf4 Rc4 22. Red1 Bxe4 23. Nxe4 Rc2 24. a3 Re8 25. axb4 Rxe4 26. Ra8+ 1-0